World Economic Outlook, May 1986.

This paper describes the world economy in 1991 and balanced growth in industrial countries. The year 1985 has been somewhat disappointing from the viewpoint of economic growth. Expansion fell back by more than expected in the industrial world, and world trade increased only modestly. Macroeconomic p...

Fuld beskrivelse

Bibliografiske detaljer
Institution som forfatter: International Monetary Fund. Research Dept
Format: Tidsskrift
Sprog:English
Udgivet: Washington, D.C. : International Monetary Fund, 1986.
Serier:World Economic Outlook; World Economic Outlook ; No. 1986/001
Online adgang:Full text available on IMF
LEADER 01687cas a2200241 a 4500
001 AALejournalIMF010202
008 230101c9999 xx r poo 0 0eng d
020 |c 50.00 USD 
020 |z 9781451944785 
022 |a 0256-6877 
040 |a BD-DhAAL  |c BD-DhAAL 
110 2 |a International Monetary Fund.  |b Research Dept. 
245 1 0 |a World Economic Outlook, May 1986. 
264 1 |a Washington, D.C. :  |b International Monetary Fund,  |c 1986. 
300 |a 1 online resource (278 pages) 
490 1 |a World Economic Outlook 
500 |a <strong>Off-Campus Access:</strong> No User ID or Password Required 
500 |a <strong>On-Campus Access:</strong> No User ID or Password Required 
506 |a Electronic access restricted to authorized BRAC University faculty, staff and students 
520 3 |a This paper describes the world economy in 1991 and balanced growth in industrial countries. The year 1985 has been somewhat disappointing from the viewpoint of economic growth. Expansion fell back by more than expected in the industrial world, and world trade increased only modestly. Macroeconomic policies in industrial countries are likely to be directed toward the medium-term objective of maintaining financial stability, while reducing the claims of governments on economic resources. Macroeconomic policies in developing countries reflect the considerable diversity of circumstances of the countries included in this group. 
538 |a Mode of access: Internet 
830 0 |a World Economic Outlook; World Economic Outlook ;  |v No. 1986/001 
856 4 0 |z Full text available on IMF  |u http://elibrary.imf.org/view/books/081/14610-9781451944785-en/14610-9781451944785-en-book.xml  |z IMF e-Library